Pain medicine board review/ (Record no. 121927)

MARC details
000 -LEADER
fixed length control field 01077nam a2200313 a 4500
008 - FIXED-LENGTH DATA ELEMENTS--GENERAL INFORMATION
fixed length control field
020 ## - INTERNATIONAL STANDARD BOOK NUMBER
International Standard Book Number 9780323448116 (paperback)
040 ## - CATALOGING SOURCE
Original cataloging agency NUST
Transcribing agency NUST
049 ## - LOCAL HOLDINGS (OCLC)
Holding library MAIN
090 ## - LOCALLY ASSIGNED LC-TYPE CALL NUMBER (OCLC); LOCAL CALL NUMBER (RLIN)
Classification number (OCLC) (R) ; Classification number, CALL (RLIN) (NR) RB127
Local cutter number (OCLC) ; Book number/undivided call number, CALL (RLIN) PAI
003 - CONTROL NUMBER IDENTIFIER
control field
005 - DATE AND TIME OF LATEST TRANSACTION
control field 20230120204350.0
245 10 - TITLE STATEMENT
Title Pain medicine board review/
Statement of responsibility, etc. Anna Woodbury ; Boris Spektor ; Vinita Singh ; Brian Bobzien ; Trusharth Patel & Jerry Kalangara.
260 ## - PUBLICATION, DISTRIBUTION, ETC.
Place of publication, distribution, etc. Philadelphia, PA :
Name of publisher, distributor, etc. Elsevier,
Date of publication, distribution, etc. 2018.
300 ## - PHYSICAL DESCRIPTION
Extent x, 204 pages :
Other physical details illustrations ;
Dimensions 28 cm.
336 ## - CONTENT TYPE
Content type term text
Content type code txt
Source rdacontent
337 ## - MEDIA TYPE
Media type term unmediated
Media type code n
Source rdacarrier
338 ## - CARRIER TYPE
Carrier type term volume
Carrier type code nc
Source rdacarrier
500 ## - GENERAL NOTE
General note Includes index.
650 #1 - SUBJECT ADDED ENTRY--TOPICAL TERM
Topical term or geographic name entry element Pain management methods
General subdivision Examination Questions.
700 ## - ADDED ENTRY--PERSONAL NAME
Personal name Woodbury, Anna.,
-- author.
700 ## - ADDED ENTRY--PERSONAL NAME
Personal name Spektor, Boris.,
-- author.
700 ## - ADDED ENTRY--PERSONAL NAME
Personal name Singh, Vinita.,
-- author.
700 ## - ADDED ENTRY--PERSONAL NAME
Personal name Bobzien, Brian.,
-- author.
700 ## - ADDED ENTRY--PERSONAL NAME
Personal name Patel, Trusharth.,
-- author.
700 ## - ADDED ENTRY--PERSONAL NAME
Personal name Kalangara, Jerry.,
-- author.
907 ## - LOCAL DATA ELEMENT G, LDG (RLIN)
a .b10417394
b 05-05-22
c 05-05-22
942 ## - ADDED ENTRY ELEMENTS (KOHA)
Koha item type Ordinary Loan Books
Call number prefix RB127
Call number suffix PAI
Holdings
Date last seen Total Checkouts Full call number Barcode Cost, replacement price Price effective from Koha item type Lost status Source of classification or shelving scheme Damaged status Not for loan Collection Withdrawn status Home library Current library Shelving location Date acquired Cost, normal purchase price
01/20/2023   RB127 WOO 92004050973 80.00 01/20/2023 BOOKS   LCC     NFIC   Medical Medical GEN 01/20/2023 80.00